Normal view
MARC view
Entry Topical Term
001 - CONTROL NUMBER
- control field: 25809
003 - CONTROL NUMBER IDENTIFIER
- control field: OSt
005 - DATE AND TIME OF LATEST TRANSACTION
- control field: 20210727150349.0
008 - FIXED-LENGTH DATA ELEMENTS
- fixed length control field: 210727|| aca||aabn | a|a d
040 ## - CATALOGING SOURCE
- Original cataloging agency: OSt
- Transcribing agency: OSt
150 ## - HEADING--TOPICAL TERM
- Topical term or geographic name entry element: Gender, Violence, COVID-19, Emergency management, Implementation
670 ## - SOURCE DATA FOUND
- Source citation: Work cat.: (OSt): Polischuk, Luciana Fay, Daniel L. 25808, Administrative response to consequences of Covid-19 emergency responses: Observations and implications from gender-based violence in Argentina
